000 00326nam a2200121Ia 4500
008 230907s9999||||xx |||||||||||||| ||und||
082 _a891.4393
_bRAZ
245 0 _aآدھی کہانی , Aadhi kahaani /
260 _aSang-e-Meel Publications,
_bLahore :
_c2004
300 _a304 p.
650 _aUrdu Literature
942 _cBK
999 _c599732
_d599732